000
00310nam a2200121Ia 4500
008
191201s2019 xx 000 0 und d
100
_a
SINGH, Swadesh Kumar
245
2
_a
A Text Book on Production Engineering
250
_a
3rd edi.
260
_b
University Press
_a
NEW DELHI
300
_a
476
942
_2
ddc
_c
BK
999
_c
8169
_d
8169